<?xml version="1.0" encoding="UTF-8"?>
<collection xmlns="http://www.loc.gov/MARC21/slim">
 <record>
  <leader>05849cam a2201057   4500</leader>
  <controlfield tag="001">726501875</controlfield>
  <controlfield tag="003">DE-627</controlfield>
  <controlfield tag="005">20241006113219.0</controlfield>
  <controlfield tag="007">tu</controlfield>
  <controlfield tag="008">120926s2013    gw |||||      00| ||ger c</controlfield>
  <datafield tag="015" ind1=" " ind2=" ">
   <subfield code="a">12,N39</subfield>
   <subfield code="2">dnb</subfield>
  </datafield>
  <datafield tag="016" ind1="7" ind2=" ">
   <subfield code="a">1026020174</subfield>
   <subfield code="2">DE-101</subfield>
  </datafield>
  <datafield tag="020" ind1=" " ind2=" ">
   <subfield code="a">9783938400869</subfield>
   <subfield code="c">Kart. : EUR 48.00 (DE), EUR 49.40 (AT)</subfield>
   <subfield code="9">978-3-938400-86-9</subfield>
  </datafield>
  <datafield tag="024" ind1="3" ind2=" ">
   <subfield code="a">9783938400869</subfield>
  </datafield>
  <datafield tag="035" ind1=" " ind2=" ">
   <subfield code="a">(DE-627)726501875</subfield>
  </datafield>
  <datafield tag="035" ind1=" " ind2=" ">
   <subfield code="a">(DE-576)379390787</subfield>
  </datafield>
  <datafield tag="035" ind1=" " ind2=" ">
   <subfield code="a">(DE-599)DNB1026020174</subfield>
  </datafield>
  <datafield tag="035" ind1=" " ind2=" ">
   <subfield code="a">(OCoLC)816307789</subfield>
  </datafield>
  <datafield tag="035" ind1=" " ind2=" ">
   <subfield code="a">(OCoLC)816307789</subfield>
  </datafield>
  <datafield tag="040" ind1=" " ind2=" ">
   <subfield code="a">DE-627</subfield>
   <subfield code="b">ger</subfield>
   <subfield code="c">DE-627</subfield>
   <subfield code="e">rakwb</subfield>
  </datafield>
  <datafield tag="041" ind1=" " ind2=" ">
   <subfield code="a">ger</subfield>
   <subfield code="h">pol</subfield>
  </datafield>
  <datafield tag="044" ind1=" " ind2=" ">
   <subfield code="c">XA-DE-NI</subfield>
  </datafield>
  <datafield tag="082" ind1="0" ind2=" ">
   <subfield code="a">940</subfield>
   <subfield code="q">BSZ</subfield>
  </datafield>
  <datafield tag="082" ind1="0" ind2=" ">
   <subfield code="a">271.009438</subfield>
  </datafield>
  <datafield tag="082" ind1="0" ind2=" ">
   <subfield code="a">271</subfield>
   <subfield code="q">DE-604</subfield>
   <subfield code="2">22/ger</subfield>
  </datafield>
  <datafield tag="082" ind1="0" ind2=" ">
   <subfield code="a">200.9</subfield>
   <subfield code="q">DE-604</subfield>
   <subfield code="2">22/ger</subfield>
  </datafield>
  <datafield tag="082" ind1="0" ind2="4">
   <subfield code="a">230</subfield>
   <subfield code="a">940</subfield>
   <subfield code="q">DNB</subfield>
  </datafield>
  <datafield tag="082" ind1="0" ind2="4">
   <subfield code="a">940</subfield>
  </datafield>
  <datafield tag="084" ind1=" " ind2=" ">
   <subfield code="a">1</subfield>
   <subfield code="2">ssgn</subfield>
  </datafield>
  <datafield tag="084" ind1=" " ind2=" ">
   <subfield code="a">1</subfield>
   <subfield code="a">9,10</subfield>
   <subfield code="2">ssgn</subfield>
  </datafield>
  <datafield tag="084" ind1=" " ind2=" ">
   <subfield code="a">NM 9400</subfield>
   <subfield code="2">rvk</subfield>
   <subfield code="0">(DE-625)rvk/126483:</subfield>
  </datafield>
  <datafield tag="084" ind1=" " ind2=" ">
   <subfield code="a">BO 1730</subfield>
   <subfield code="2">rvk</subfield>
   <subfield code="0">(DE-625)rvk/14024:</subfield>
  </datafield>
  <datafield tag="084" ind1=" " ind2=" ">
   <subfield code="a">NV 5150</subfield>
   <subfield code="2">rvk</subfield>
   <subfield code="0">(DE-625)rvk/131859:</subfield>
  </datafield>
  <datafield tag="084" ind1=" " ind2=" ">
   <subfield code="a">NV 5285</subfield>
   <subfield code="2">rvk</subfield>
   <subfield code="0">(DE-625)rvk/131872:</subfield>
  </datafield>
  <datafield tag="084" ind1=" " ind2=" ">
   <subfield code="a">NV 9700</subfield>
   <subfield code="2">rvk</subfield>
   <subfield code="0">(DE-625)rvk/131953:</subfield>
  </datafield>
  <datafield tag="084" ind1=" " ind2=" ">
   <subfield code="a">15.72</subfield>
   <subfield code="2">bkl</subfield>
  </datafield>
  <datafield tag="084" ind1=" " ind2=" ">
   <subfield code="a">11.52</subfield>
   <subfield code="2">bkl</subfield>
  </datafield>
  <datafield tag="100" ind1="1" ind2=" ">
   <subfield code="a">Kłoczowski, Jerzy</subfield>
   <subfield code="d">1924-2017</subfield>
   <subfield code="0">(DE-588)121331423</subfield>
   <subfield code="0">(DE-627)081235569</subfield>
   <subfield code="0">(DE-576)164016740</subfield>
   <subfield code="4">aut</subfield>
  </datafield>
  <datafield tag="240" ind1="1" ind2="0">
   <subfield code="a">Wspólnoty zakonne w średniowiecznej Polsce &lt;dt.&gt;</subfield>
  </datafield>
  <datafield tag="245" ind1="1" ind2="0">
   <subfield code="a">Klöster und Orden im mittelalterlichen Polen</subfield>
   <subfield code="c">Jerzy Kłoczowski. Aus dem Poln. von Heidemarie Petersen</subfield>
  </datafield>
  <datafield tag="264" ind1=" " ind2="1">
   <subfield code="a">Osnabrück</subfield>
   <subfield code="b">Fibre</subfield>
   <subfield code="c">2013</subfield>
  </datafield>
  <datafield tag="300" ind1=" " ind2=" ">
   <subfield code="a">541 S.</subfield>
   <subfield code="b">Kt.</subfield>
  </datafield>
  <datafield tag="336" ind1=" " ind2=" ">
   <subfield code="a">Text</subfield>
   <subfield code="b">txt</subfield>
   <subfield code="2">rdacontent</subfield>
  </datafield>
  <datafield tag="337" ind1=" " ind2=" ">
   <subfield code="a">ohne Hilfsmittel zu benutzen</subfield>
   <subfield code="b">n</subfield>
   <subfield code="2">rdamedia</subfield>
  </datafield>
  <datafield tag="338" ind1=" " ind2=" ">
   <subfield code="a">Band</subfield>
   <subfield code="b">nc</subfield>
   <subfield code="2">rdacarrier</subfield>
  </datafield>
  <datafield tag="490" ind1="1" ind2=" ">
   <subfield code="a">Klio in Polen</subfield>
   <subfield code="v">15</subfield>
  </datafield>
  <datafield tag="500" ind1=" " ind2=" ">
   <subfield code="a">Literaturverz. S. [449] - 511</subfield>
  </datafield>
  <datafield tag="583" ind1="1" ind2=" ">
   <subfield code="a">Archivierung/Langzeitarchivierung gewährleistet</subfield>
   <subfield code="f">SSG</subfield>
   <subfield code="x">XA-DE-BW</subfield>
   <subfield code="2">pdager</subfield>
   <subfield code="5">DE-21</subfield>
  </datafield>
  <datafield tag="583" ind1="1" ind2=" ">
   <subfield code="a">Archivierung/Langzeitarchivierung gewährleistet</subfield>
   <subfield code="f">PENI</subfield>
   <subfield code="x">XA-DE-NI</subfield>
   <subfield code="2">pdager</subfield>
   <subfield code="5">DE-35</subfield>
  </datafield>
  <datafield tag="583" ind1="1" ind2=" ">
   <subfield code="a">Archivierung/Langzeitarchivierung gewährleistet</subfield>
   <subfield code="f">SSG</subfield>
   <subfield code="x">XA-DE-BW</subfield>
   <subfield code="2">pdager</subfield>
   <subfield code="5">DE-16</subfield>
  </datafield>
  <datafield tag="583" ind1="1" ind2=" ">
   <subfield code="a">Archivierung prüfen</subfield>
   <subfield code="c">20240324</subfield>
   <subfield code="f">DE-4165</subfield>
   <subfield code="z">2</subfield>
   <subfield code="2">pdager</subfield>
  </datafield>
  <datafield tag="689" ind1="0" ind2="0">
   <subfield code="d">g</subfield>
   <subfield code="0">(DE-588)4046496-9</subfield>
   <subfield code="0">(DE-627)106197762</subfield>
   <subfield code="0">(DE-576)209069872</subfield>
   <subfield code="a">Polen</subfield>
   <subfield code="2">gnd</subfield>
  </datafield>
  <datafield tag="689" ind1="0" ind2="1">
   <subfield code="d">s</subfield>
   <subfield code="0">(DE-588)4043726-7</subfield>
   <subfield code="0">(DE-627)104767634</subfield>
   <subfield code="0">(DE-576)209057211</subfield>
   <subfield code="a">Orden</subfield>
   <subfield code="2">gnd</subfield>
  </datafield>
  <datafield tag="689" ind1="0" ind2="2">
   <subfield code="a">z</subfield>
   <subfield code="2">gnd</subfield>
   <subfield code="a">Geschichte 900-1500</subfield>
  </datafield>
  <datafield tag="689" ind1="0" ind2=" ">
   <subfield code="5">DE-101</subfield>
  </datafield>
  <datafield tag="689" ind1="1" ind2="0">
   <subfield code="d">g</subfield>
   <subfield code="0">(DE-588)4046496-9</subfield>
   <subfield code="0">(DE-627)106197762</subfield>
   <subfield code="0">(DE-576)209069872</subfield>
   <subfield code="a">Polen</subfield>
   <subfield code="2">gnd</subfield>
  </datafield>
  <datafield tag="689" ind1="1" ind2="1">
   <subfield code="d">s</subfield>
   <subfield code="0">(DE-588)7583222-7</subfield>
   <subfield code="0">(DE-627)546068413</subfield>
   <subfield code="0">(DE-576)27268970X</subfield>
   <subfield code="a">Klosteranlage</subfield>
   <subfield code="2">gnd</subfield>
  </datafield>
  <datafield tag="689" ind1="1" ind2="2">
   <subfield code="d">s</subfield>
   <subfield code="0">(DE-588)4002851-3</subfield>
   <subfield code="0">(DE-627)104280352</subfield>
   <subfield code="0">(DE-576)208848975</subfield>
   <subfield code="a">Architektur</subfield>
   <subfield code="2">gnd</subfield>
  </datafield>
  <datafield tag="689" ind1="1" ind2="3">
   <subfield code="d">s</subfield>
   <subfield code="0">(DE-588)4138356-4</subfield>
   <subfield code="0">(DE-627)105643300</subfield>
   <subfield code="0">(DE-576)209685352</subfield>
   <subfield code="a">Ausstattung</subfield>
   <subfield code="2">gnd</subfield>
  </datafield>
  <datafield tag="689" ind1="1" ind2="4">
   <subfield code="a">z</subfield>
   <subfield code="2">gnd</subfield>
   <subfield code="a">Geschichte 900-1500</subfield>
  </datafield>
  <datafield tag="689" ind1="1" ind2=" ">
   <subfield code="5">(DE-627)</subfield>
  </datafield>
  <datafield tag="700" ind1="1" ind2=" ">
   <subfield code="a">Petersen, Heidemarie</subfield>
   <subfield code="e">ÜbersetzerIn</subfield>
   <subfield code="4">trl</subfield>
  </datafield>
  <datafield tag="700" ind1="1" ind2="2">
   <subfield code="a">Kłoczowski, Jerzy</subfield>
   <subfield code="d">1924-2017</subfield>
   <subfield code="t">Wspólnoty zakonne w średniowiecznej Polsce &lt;dt.&gt;</subfield>
  </datafield>
  <datafield tag="787" ind1="0" ind2="8">
   <subfield code="i">Rezensiert in</subfield>
   <subfield code="a">Herrmann, Christofer, 1962 - </subfield>
   <subfield code="t">[Rezension von: Jerzy Kłoczowski: Klöster und Orden im mittelalterlichen Polen]</subfield>
   <subfield code="d">2014</subfield>
   <subfield code="w">(DE-627)1798111063</subfield>
  </datafield>
  <datafield tag="830" ind1=" " ind2="0">
   <subfield code="a">Klio in Polen</subfield>
   <subfield code="v">15</subfield>
   <subfield code="9">15</subfield>
   <subfield code="w">(DE-627)252057821</subfield>
   <subfield code="w">(DE-576)063416816</subfield>
   <subfield code="w">(DE-600)1455144-5</subfield>
   <subfield code="7">ns</subfield>
  </datafield>
  <datafield tag="856" ind1="4" ind2="1">
   <subfield code="u">http://hsozkult.geschichte.hu-berlin.de/rezensionen/2014-2-111</subfield>
   <subfield code="x">Verlag</subfield>
  </datafield>
  <datafield tag="856" ind1="4" ind2="2">
   <subfield code="u">https://swbplus.bsz-bw.de/bsz379390787inh.htm</subfield>
   <subfield code="m">B:DE-576;DE-21</subfield>
   <subfield code="q">application/pdf</subfield>
   <subfield code="v">20130315102857</subfield>
   <subfield code="x">Verlag</subfield>
   <subfield code="3">Inhaltsverzeichnis</subfield>
  </datafield>
  <datafield tag="856" ind1="4" ind2="2">
   <subfield code="u">https://swbplus.bsz-bw.de/bsz379390787rez.htm</subfield>
   <subfield code="m">B:DE-576;DE-16</subfield>
   <subfield code="q">application/pdf</subfield>
   <subfield code="v">20140122094420</subfield>
   <subfield code="x">Verlag</subfield>
   <subfield code="3">Rezension</subfield>
  </datafield>
  <datafield tag="856" ind1="4" ind2="2">
   <subfield code="u">https://swbplus.bsz-bw.de/bsz379390787kla.htm</subfield>
   <subfield code="m">B:DE-576;DE-21</subfield>
   <subfield code="q">application/pdf</subfield>
   <subfield code="v">20130315102857</subfield>
   <subfield code="x">Verlag</subfield>
   <subfield code="3">Klappentext</subfield>
  </datafield>
  <datafield tag="856" ind1="4" ind2="2">
   <subfield code="u">http://www.sehepunkte.de/2014/01/23481.html</subfield>
   <subfield code="m">V:DE-576;X:Sehepunkte</subfield>
   <subfield code="q">text/html</subfield>
   <subfield code="v">20180417093818</subfield>
   <subfield code="3">Rezension</subfield>
  </datafield>
  <datafield tag="856" ind1="4" ind2="2">
   <subfield code="u">https://www.hsozkult.de/publicationreview/id/rezbuecher-21594</subfield>
   <subfield code="m">V:DE-576;X:HSozKult</subfield>
   <subfield code="q">text/html</subfield>
   <subfield code="v">20180419154454</subfield>
   <subfield code="3">Rezension</subfield>
  </datafield>
  <datafield tag="935" ind1=" " ind2=" ">
   <subfield code="a">mteo</subfield>
  </datafield>
  <datafield tag="935" ind1=" " ind2=" ">
   <subfield code="i">Blocktest</subfield>
  </datafield>
  <datafield tag="936" ind1="r" ind2="v">
   <subfield code="a">NM 9400</subfield>
   <subfield code="b">Polen, Baltikum</subfield>
   <subfield code="k">Geschichte</subfield>
   <subfield code="k">Geschichte des Mittelalters</subfield>
   <subfield code="k">Geschichte der auswärtigen Staaten und Völker</subfield>
   <subfield code="k">Europäische Staaten und Völker</subfield>
   <subfield code="k">Polen, Baltikum</subfield>
   <subfield code="0">(DE-627)1271463563</subfield>
   <subfield code="0">(DE-625)rvk/126483:</subfield>
   <subfield code="0">(DE-576)201463563</subfield>
  </datafield>
  <datafield tag="936" ind1="r" ind2="v">
   <subfield code="a">BO 1730</subfield>
   <subfield code="b">Allgemeines nach Ländern, Territorien und Diözesen</subfield>
   <subfield code="k">Theologie und Religionswissenschaften</subfield>
   <subfield code="k">Patrologie und Kirchengeschichte</subfield>
   <subfield code="k">Kirchengeschichte nach Sachgebieten</subfield>
   <subfield code="k">Ordensgeschichte</subfield>
   <subfield code="k">Darstellungen:</subfield>
   <subfield code="k">Allgemeine Darstellungen</subfield>
   <subfield code="k">Allgemeines nach Ländern, Territorien und Diözesen</subfield>
   <subfield code="0">(DE-627)1270743953</subfield>
   <subfield code="0">(DE-625)rvk/14024:</subfield>
   <subfield code="0">(DE-576)200743953</subfield>
  </datafield>
  <datafield tag="936" ind1="r" ind2="v">
   <subfield code="a">NV 5150</subfield>
   <subfield code="b">Mönchtum und Klosterwesen</subfield>
   <subfield code="k">Geschichte</subfield>
   <subfield code="k">Religions- und Kirchengeschichte</subfield>
   <subfield code="k">Geschichte der katholischen Kirche</subfield>
   <subfield code="k">Geschichte des Mönchtums und des Klosterwesens</subfield>
   <subfield code="k">Mönchtum und Klosterwesen</subfield>
   <subfield code="0">(DE-627)127153925X</subfield>
   <subfield code="0">(DE-625)rvk/131859:</subfield>
   <subfield code="0">(DE-576)20153925X</subfield>
  </datafield>
  <datafield tag="936" ind1="r" ind2="v">
   <subfield code="a">NV 5285</subfield>
   <subfield code="b">Sammeldarstellungen und übergreifende Darstellungen</subfield>
   <subfield code="k">Geschichte</subfield>
   <subfield code="k">Religions- und Kirchengeschichte</subfield>
   <subfield code="k">Geschichte der katholischen Kirche</subfield>
   <subfield code="k">Geschichte des Mönchtums und des Klosterwesens</subfield>
   <subfield code="k">Sammeldarstellungen und übergreifende Darstellungen</subfield>
   <subfield code="0">(DE-627)1270699504</subfield>
   <subfield code="0">(DE-625)rvk/131872:</subfield>
   <subfield code="0">(DE-576)200699504</subfield>
  </datafield>
  <datafield tag="936" ind1="r" ind2="v">
   <subfield code="a">NV 9700</subfield>
   <subfield code="b">Sonstige Staaten</subfield>
   <subfield code="k">Geschichte</subfield>
   <subfield code="k">Religions- und Kirchengeschichte</subfield>
   <subfield code="k">Kirchengeschichte einzelner Länder</subfield>
   <subfield code="k">Sonstige Staaten</subfield>
   <subfield code="0">(DE-627)1271500434</subfield>
   <subfield code="0">(DE-625)rvk/131953:</subfield>
   <subfield code="0">(DE-576)201500434</subfield>
  </datafield>
  <datafield tag="936" ind1="b" ind2="k">
   <subfield code="a">15.72</subfield>
   <subfield code="j">Polen</subfield>
   <subfield code="x">Geschichte</subfield>
   <subfield code="0">(DE-627)181570343</subfield>
  </datafield>
  <datafield tag="936" ind1="b" ind2="k">
   <subfield code="a">11.52</subfield>
   <subfield code="j">Mittelalterliches Christentum</subfield>
   <subfield code="0">(DE-627)10641965X</subfield>
  </datafield>
  <datafield tag="951" ind1=" " ind2=" ">
   <subfield code="a">BO</subfield>
  </datafield>
  <datafield tag="990" ind1=" " ind2=" ">
   <subfield code="a">Polen</subfield>
  </datafield>
  <datafield tag="990" ind1=" " ind2=" ">
   <subfield code="a">Orden</subfield>
  </datafield>
  <datafield tag="990" ind1=" " ind2=" ">
   <subfield code="a">Geschichte 900-1500</subfield>
  </datafield>
  <datafield tag="990" ind1=" " ind2=" ">
   <subfield code="a">Polen</subfield>
  </datafield>
  <datafield tag="990" ind1=" " ind2=" ">
   <subfield code="a">Klosteranlage</subfield>
  </datafield>
  <datafield tag="990" ind1=" " ind2=" ">
   <subfield code="a">Architektur</subfield>
  </datafield>
  <datafield tag="990" ind1=" " ind2=" ">
   <subfield code="a">Ausstattung</subfield>
  </datafield>
  <datafield tag="990" ind1=" " ind2=" ">
   <subfield code="a">Geschichte 900-1500</subfield>
  </datafield>
  <datafield tag="991" ind1=" " ind2=" ">
   <subfield code="a">Rezensiertes Werk</subfield>
  </datafield>
  <datafield tag="999" ind1=" " ind2=" ">
   <subfield code="a">KXP-PPN726501875</subfield>
   <subfield code="e">417981160X</subfield>
  </datafield>
 </record>
</collection>
